[Event "33rd olimpiad"]
[Site "Elista"]
[Date "1998.10.06"]
[Round "8"]
[White "Atia, Mahdi"]
[Black "Maes, Wim"]
[Result "0-1"]
[WhiteElo "2215"]
[BlackElo "2250"]
[WhiteTeam "Iraq"]
[BlackTeam "Belgium"]
[Board "4"]
[OlimpBase "olimpbase.org"]
[EventDate "1998.09.29"]
[PlyCount "74"]

1. d4 Nf6 2. Nf3 g6 3. g3 Bg7 4. Bg2 O-O 5. O-O d6 6. c4 Nc6 7. Nc3 Bg4 8. h3
Bxf3 9. Bxf3 Nd7 10. e3 e5 11. d5 Ne7 12. e4 f5 13. Bg5 h6 14. Bxe7 Qxe7
15. Qe2 a5 16. Na4 Nf6 17. Nc3 Qd7 18. Kh2 Nh7 19. exf5 gxf5 20. Bg2 Rae8
21. Rad1 Qf7 22. c5 e4 23. cxd6 cxd6 24. Nb5 Be5 25. Kh1 Qg7 26. Rc1 Rc8 27. b3
Nf6 28. Rxc8 Rxc8 29. f4 exf3 30. Bxf3 Kh8 31. g4 Rg8 32. Qd2 Nh7 33. Rg1 Ng5
34. Qg2 h5 35. Rc1 hxg4 36. Be2 Nxh3 37. Rc7 Qh6 0-1

[Event "33rd olimpiad"]
[Site "Elista"]
[Date "1998.10.07"]
[Round "9"]
[White "Martín del Campo, Roberto"]
[Black "Geenen, Marc"]
[Result "1/2-1/2"]
[WhiteElo "2465"]
[BlackElo "2315"]
[WhiteTitle "IM"]
[BlackTitle "FM"]
[WhiteTeam "Mexico"]
[BlackTeam "Belgium"]
[Board "1"]
[OlimpBase "olimpbase.org"]
[EventDate "1998.09.29"]
[PlyCount "32"]

1. e4 e5 2. Nf3 Nc6 3. Bb5 a6 4. Ba4 Nf6 5. O-O b5 6. Bb3 Bb7 7. d3 Bc5 8. c3
d6 9. Nbd2 O-O 10. Re1 Bb6 11. Nf1 d5 12. Bg5 d4 13. c4 h6 14. Bh4 Qd6 15. Rc1
Nd7 16. Bg3 Na5 1/2-1/2

[Event "33rd olimpiad"]
[Site "Elista"]
[Date "1998.10.07"]
[Round "9"]
[White "Ahn, Martin"]
[Black "Calderín, Roberto"]
[Result "0-1"]
[WhiteElo "2305"]
[BlackElo "2425"]
[WhiteTitle "FM"]
[BlackTitle "IM"]
[WhiteTeam "Belgium"]
[BlackTeam "Mexico"]
[Board "2"]
[OlimpBase "olimpbase.org"]
[EventDate "1998.09.29"]
[PlyCount "84"]

1. e4 c5 2. Nc3 Nc6 3. Nge2 g6 4. d4 cxd4 5. Nxd4 Bg7 6. Be3 Nf6 7. Bc4 O-O
8. Bb3 d6 9. h3 Na5 10. O-O Nxb3 11. axb3 b6 12. Nc6 Qc7 13. Nb4 Bb7 14. Qd3
Rfc8 15. Rfd1 a5 16. Nbd5 Nxd5 17. exd5 Bxc3 18. bxc3 Qxc3 19. Qxc3 Rxc3
20. Bxb6 Rxc2 21. Rxa5 Kf8 22. Rb5 Bc8 23. Be3 Rc7 24. Rd4 Rb7 25. Rdb4 Rab8
26. Rxb7 Rxb7 27. Rc4 Bd7 28. b4 f6 29. f3 Ke8 30. Kf2 Rb5 31. Rd4 Bc8 32. Ke2
Bb7 33. Kd3 Bxd5 34. Kc3 Kd7 35. Rd1 g5 36. Ra1 h6 37. Ra5 Rxa5 38. bxa5 Bb7
39. Kd2 e5 40. h4 gxh4 41. Bxh6 Bxf3 42. gxf3 h3 0-1

[Event "33rd olimpiad"]
[Site "Elista"]
[Date "1998.10.07"]
[Round "9"]
[White "Russek Libni, Guil"]
[Black "Meessen, Rudolf"]
[Result "1/2-1/2"]
[WhiteElo "2395"]
[BlackElo "2320"]
[WhiteTitle "IM"]
[WhiteTeam "Mexico"]
[BlackTeam "Belgium"]
[Board "3"]
[OlimpBase "olimpbase.org"]
[EventDate "1998.09.29"]
[PlyCount "51"]

1. e4 e6 2. d4 d5 3. exd5 exd5 4. c4 Bb4+ 5. Nc3 Ne7 6. Bd3 Bf5 7. Nf3 O-O
8. O-O Bxd3 9. Qxd3 Nbc6 10. Ng5 g6 11. Qh3 h5 12. cxd5 Nxd4 13. Qd3 c5 14. a3
Bxc3 15. bxc3 Nb3 16. Rb1 Nxc1 17. Rfxc1 Nxd5 18. Ne6 c4 19. Qc2 Qe7 20. Nxf8
Rxf8 21. Qa4 Nf4 22. Re1 Qg5 23. g3 Nh3+ 24. Kg2 Nf4+ 25. Kg1 Nh3+ 26. Kg2
1/2-1/2

[Event "33rd olimpiad"]
[Site "Elista"]
[Date "1998.10.07"]
[Round "9"]
[White "Maes, Wim"]
[Black "Escobedo Tinajero, Alberto"]
[Result "0-1"]
[WhiteElo "2250"]
[BlackElo "2370"]
[BlackTitle "FM"]
[WhiteTeam "Belgium"]
[BlackTeam "Mexico"]
[Board "4"]
[OlimpBase "olimpbase.org"]
[EventDate "1998.09.29"]
[PlyCount "54"]

1. e4 e6 2. d3 d5 3. Nd2 c5 4. Ngf3 Nc6 5. g3 Nge7 6. Bg2 g6 7. O-O Bg7 8. Re1
O-O 9. h4 f5 10. exd5 exd5 11. d4 f4 12. dxc5 Bg4 13. Nf1 fxg3 14. fxg3 Qa5
15. c3 Qxc5+ 16. Be3 Qd6 17. Bf4 Rxf4 18. gxf4 Rf8 19. N1h2 Bh5 20. Qe2 Qxf4
21. Qe6+ Kh8 22. Rf1 Rf6 23. Qd7 Qe3+ 24. Kh1 Nf5 25. Qc7 Rf7 26. Qc8+ Rf8
27. Qc7 Be5 0-1

[Event "33rd olimpiad"]
[Site "Elista"]
[Date "1998.10.09"]
[Round "10"]
[White "Meessen, Rudolf"]
[Black "Mamombe, Kudzanai"]
[Result "1-0"]
[WhiteElo "2320"]
[BlackElo "2135"]
[BlackTitle "IM"]
[WhiteTeam "Belgium"]
[BlackTeam "Zimbabwe"]
[Board "3"]
[OlimpBase "olimpbase.org"]
[EventDate "1998.09.29"]
[PlyCount "131"]

1. d4 Nf6 2. c4 g6 3. Nc3 Bg7 4. e4 d6 5. f3 O-O 6. Nge2 e5 7. Be3 Nc6 8. d5
Ne7 9. Qd2 c6 10. O-O-O cxd5 11. cxd5 Qa5 12. Kb1 Bd7 13. Nc1 Rfc8 14. Nb5 Qxd2
15. Rxd2 Bxb5 16. Bxb5 a6 17. Be2 Nh5 18. Nd3 f5 19. Rc1 Nf6 20. Nf2 Rxc1+
21. Kxc1 Rc8+ 22. Rc2 Rxc2+ 23. Kxc2 Kf7 24. g4 f4 25. Bd2 g5 26. Nd3 Ng6
27. Nc1 Ke7 28. Nb3 Kd7 29. Na5 Kc7 30. Nc4 Bf8 31. Ba5+ Kc8 32. Nb6+ Kb8
33. b4 Nh4 34. Nc4 Be7 35. Bb6 Nd7 36. Bf2 Kc7 37. Kd3 Bd8 38. Bd1 Ng6 39. a4
Ne7 40. Kc3 Nc8 41. Be2 Ndb6 42. Nb2 Na8 43. a5 Kd7 44. Kb3 Bc7 45. h4 h6
46. h5 Ke7 47. Nc4 Kd7 48. Na3 Bb8 49. b5 axb5 50. Bxb5+ Ke7 51. Kb4 Ba7
52. Bxa7 Nxa7 53. Be2 Nc7 54. Ka4 Kd7 55. Bf1 Ke7 56. a6 bxa6 57. Ka5 Nc8
58. Bxa6 Nxa6 59. Kxa6 Kd7 60. Kb7 Ne7 61. Nc4 Ng8 62. Nb6+ Ke7 63. Kc7 Nf6
64. Nc8+ Kf8 65. Nxd6 Ng8 66. Nc4 1-0

[Event "33rd olimpiad"]
[Site "Elista"]
[Date "1998.10.10"]
[Round "11"]
[White "Sammalvuo, Tapani"]
[Black "Geenen, Marc"]
[Result "0-1"]
[WhiteElo "2410"]
[BlackElo "2315"]
[WhiteTitle "IM"]
[BlackTitle "FM"]
[WhiteTeam "Finland"]
[BlackTeam "Belgium"]
[Board "1"]
[OlimpBase "olimpbase.org"]
[EventDate "1998.09.29"]
[PlyCount "114"]

1. d4 d5 2. Nf3 Nc6 3. Bf4 Bg4 4. e3 e6 5. c4 Bd6 6. Bg3 Nge7 7. Nc3 O-O
8. Bd3 dxc4 9. Bxh7+ Kxh7 10. Ng5+ Kg6 11. Qxg4 f5 12. Qh4 Rh8 13. Nxe6 Rxh4
14. Nxd8 Bxg3 15. fxg3 Rh8 16. Ne6 Nb4 17. Ke2 c6 18. a3 Nbd5 19. Raf1 Kf6
20. Nc5 b6 21. Nd7+ Ke6 22. Ne5 b5 23. g4 Raf8 24. gxf5+ Rxf5 25. Nf3 Nxc3+
26. bxc3 Nd5 27. Kd2 Nf6 28. Kc2 Ne4 29. Re1 g5 30. h3 Kd5 31. Rhf1 Rhf8
32. Ra1 a5 33. Rab1 a4 34. Rbc1 R8f6 35. Kd1 Rf8 36. Rc2 R8f6 37. Ke1 Rf8
38. Nh2 Rxf1+ 39. Nxf1 c5 40. Nh2 b4 41. cxb4 cxb4 42. axb4 c3 43. Nf3 Kc4
44. d5 a3 45. Nd4 Ng3 46. Nf3 Ra8 47. Rc1 a2 48. Ra1 Kb3 49. Nd4+ Kb2 50. Kd1
Ne4 51. b5 Rd8 52. b6 Rxd5 53. b7 Rxd4+ 54. exd4 c2+ 55. Ke2 Kxa1 56. b8=Q c1=Q
57. Qh8 Kb1 0-1

[Event "33rd olimpiad"]
[Site "Elista"]
[Date "1998.10.10"]
[Round "11"]
[White "Ahn, Martin"]
[Black "Pihlajasalo, Antti"]
[Result "1/2-1/2"]
[WhiteElo "2305"]
[BlackElo "2450"]
[WhiteTitle "FM"]
[BlackTitle "FM"]
[WhiteTeam "Belgium"]
[BlackTeam "Finland"]
[Board "2"]
[OlimpBase "olimpbase.org"]
[EventDate "1998.09.29"]
[PlyCount "83"]

1. e4 e5 2. Nf3 Nf6 3. Nc3 Bb4 4. Nxe5 O-O 5. Nd3 Bxc3 6. dxc3 Nxe4 7. Be2 d6
8. O-O Nc6 9. f3 Ng5 10. Nf4 Ne6 11. Nd5 Ne7 12. c4 c6 13. Nxe7+ Qxe7 14. Bd2
d5 15. cxd5 cxd5 16. Bd3 Qf6 17. Bc3 d4 18. Bb4 Rd8 19. f4 Nc7 20. Qh5 g6
21. Qe5 Qxe5 22. fxe5 Be6 23. Rf4 Rac8 24. Be7 Nd5 25. Bxd8 Nxf4 26. Bh4 Nxd3
27. cxd3 Rc2 28. Bf2 Bd5 29. Kf1 Rxb2 30. Bxd4 Rxg2 31. Rc1 Kf8 32. Rc5 Bf3
33. Rc7 Rg5 34. Bc5+ Ke8 35. Re7+ Kd8 36. Rxf7 Rxe5 37. d4 Bd5 38. Rxh7 Rf5+
39. Ke2 a6 40. a3 Rh5 41. Rxh5 gxh5 42. Ke3 1/2-1/2

[Event "33rd olimpiad"]
[Site "Elista"]
[Date "1998.10.10"]
[Round "11"]
[White "Holmsten, Aleksei"]
[Black "Meessen, Rudolf"]
[Result "1/2-1/2"]
[WhiteElo "2400"]
[BlackElo "2320"]
[WhiteTitle "FM"]
[WhiteTeam "Finland"]
[BlackTeam "Belgium"]
[Board "3"]
[OlimpBase "olimpbase.org"]
[EventDate "1998.09.29"]
[PlyCount "107"]

1. e4 e6 2. d4 d5 3. exd5 exd5 4. Nf3 Bd6 5. Bd3 Nc6 6. O-O Bg4 7. c3 Nge7
8. Nbd2 Qd7 9. Re1 O-O-O 10. b4 Ng6 11. Qa4 Kb8 12. b5 Nce7 13. Ne5 Bxe5
14. dxe5 f6 15. exf6 gxf6 16. Nb3 Ne5 17. Nc5 Qc8 18. Be3 b6 19. f4 Nxd3
20. Nxd3 Bf5 21. Nf2 c5 22. bxc6 Qxc6 23. Qxc6 Nxc6 24. Rad1 Rhg8 25. Nh1 h5
26. Ng3 Bg4 27. Rd2 Rd7 28. Kf2 h4 29. Ne2 Na5 30. Nd4 Nc4 31. Rc2 Rdg7 32. Kf1
Kb7 33. Bc1 a5 34. Be3 Nd6 35. Rb2 Nc4 36. Rc2 Bd7 37. Rce2 Rxg2 38. Rxg2 Bh3
39. Bf2 Bxg2+ 40. Ke2 Re8+ 41. Kd1 Rxe1+ 42. Kxe1 h3 43. f5 Be4 44. Bh4 Ne3
45. Kf2 Nxf5 46. Nxf5 Bxf5 47. Bxf6 Bb1 48. a3 Kc6 49. Ke3 Kc5 50. Be7+ Kc4
51. Bd8 a4 52. Bxb6 Kb3 53. Bc5 Kxc3 54. Ba7 1/2-1/2

[Event "33rd olimpiad"]
[Site "Elista"]
[Date "1998.10.10"]
[Round "11"]
[White "Mohandesi, Shahin"]
[Black "Manninen, Marko"]
[Result "0-1"]
[WhiteElo "2305"]
[BlackElo "2385"]
[WhiteTitle "FM"]
[BlackTitle "IM"]
[WhiteTeam "Belgium"]
[BlackTeam "Finland"]
[Board "4"]
[OlimpBase "olimpbase.org"]
[EventDate "1998.09.29"]
[PlyCount "70"]

1. d4 Nf6 2. Nf3 g6 3. c4 Bg7 4. Nc3 O-O 5. e4 d6 6. Be2 e5 7. O-O Na6 8. d5
h6 9. Nd2 c5 10. a3 Ne8 11. Rb1 f5 12. b4 Nf6 13. f3 f4 14. Rf2 Rf7 15. Nf1 h5
16. h3 Nh7 17. Bd3 Bf6 18. Rfb2 Bh4 19. Bd2 g5 20. Be2 Rg7 21. Nh2 Bg3 22. Be1
g4 23. fxg4 Bxh2+ 24. Kxh2 hxg4 25. Bxg4 Bxg4 26. hxg4 Qg5 27. Kg1 Nf6 28. Qf3
Nxg4 29. Nd1 Qh6 30. g3 fxg3 31. Rg2 Nh2 32. Qe3 Rf8 33. Rxg3 Nf3+ 34. Kf1 Qh1+
35. Ke2 Qxe1+ 0-1

[Event "33rd olimpiad"]
[Site "Elista"]
[Date "1998.10.11"]
[Round "12"]
[White "Geenen, Marc"]
[Black "Temirbaev, Serik"]
[Result "1/2-1/2"]
[WhiteElo "2315"]
[BlackElo "2475"]
[WhiteTitle "FM"]
[BlackTitle "GM"]
[WhiteTeam "Belgium"]
[BlackTeam "Kazakhstan"]
[Board "1"]
[OlimpBase "olimpbase.org"]
[EventDate "1998.09.29"]
[PlyCount "29"]

1. e4 e6 2. d4 d5 3. Nd2 Nf6 4. e5 Nfd7 5. c3 c5 6. Bd3 b6 7. f4 Ba6 8. Bxa6
Nxa6 9. Ndf3 b5 10. Qd3 Qb6 11. a3 cxd4 12. cxd4 b4 13. Ne2 g6 14. g4 f6 15. h4
1/2-1/2

[Event "33rd olimpiad"]
[Site "Elista"]
[Date "1998.10.11"]
[Round "12"]
[White "Kotsur, Pavel"]
[Black "Ahn, Martin"]
[Result "1-0"]
[WhiteElo "2515"]
[BlackElo "2305"]
[WhiteTitle "GM"]
[BlackTitle "FM"]
[WhiteTeam "Kazakhstan"]
[BlackTeam "Belgium"]
[Board "2"]
[OlimpBase "olimpbase.org"]
[EventDate "1998.09.29"]
[PlyCount "63"]

1. e4 c5 2. Nf3 d6 3. d4 cxd4 4. Nxd4 Nf6 5. Nc3 g6 6. Be2 Bg7 7. O-O Nc6
8. Nb3 O-O 9. Kh1 Be6 10. Bg5 Na5 11. Nd5 Bxd5 12. exd5 Ne4 13. Bc1 Rc8 14. c3
Nc4 15. Bf3 Nf6 16. a4 a5 17. g3 Qb6 18. Bg2 Ng4 19. Nd4 h5 20. h3 Nxb2 21. Qe2
Nxf2+ 22. Rxf2 Nd1 23. Qxd1 Rxc3 24. Rd2 Rfc8 25. Nb5 Rxg3 26. Bb2 Bxb2
27. Rxb2 Qe3 28. Qf1 h4 29. Re1 Qg5 30. Rbe2 Rc4 31. Rf2 Rc8 32. Qe2 1-0

[Event "33rd olimpiad"]
[Site "Elista"]
[Date "1998.10.11"]
[Round "12"]
[White "Meessen, Rudolf"]
[Black "Irzhanov, Ruslan"]
[Result "0-1"]
[WhiteElo "2320"]
[BlackElo "2535"]
[BlackTitle "GM"]
[WhiteTeam "Belgium"]
[BlackTeam "Kazakhstan"]
[Board "3"]
[OlimpBase "olimpbase.org"]
[EventDate "1998.09.29"]
[PlyCount "110"]

1. d4 d6 2. e4 Nf6 3. f3 e5 4. Ne2 Nbd7 5. c4 c6 6. Be3 exd4 7. Bxd4 Ne5
8. Na3 g6 9. c5 Ned7 10. cxd6 Bxd6 11. Nc4 Bb4+ 12. Nc3 O-O 13. Qb3 Qe7
14. O-O-O a5 15. e5 Nd5 16. Nxd5 cxd5 17. Ne3 Nc5 18. Qc2 Be6 19. Kb1 Rac8
20. Qf2 a4 21. Bb5 a3 22. b3 Qc7 23. g4 Qa5 24. Bd3 Bc3 25. Nf5 gxf5 26. Qh4
Qd8 27. Qxd8 Rfxd8 28. Bxc3 fxg4 29. fxg4 Nxb3 30. Bb4 Nc5 31. Bxa3 d4 32. Bf5
Na4 33. Rd3 Nc3+ 34. Kb2 Ra8 35. Rh3 Rd5 36. Bxe6 fxe6 37. Bb4 Rxa2+ 38. Kb3
Rb5 39. Rd3 Nd5 40. Rxd4 Ra6 41. Re1 Kg7 42. h4 Kg6 43. Ree4 h6 44. Rc4 h5
45. Kc2 Ra2+ 46. Kd3 Rg2 47. gxh5+ Kxh5 48. Rcd4 Rb2 49. Bc3 R5b3 50. Rc4 Rg2
51. Kd4 Rg3 52. Be1 Rgd3+ 53. Kc5 Nf6 54. Red4 Ne4+ 55. Rxe4 Rd5# 0-1

[Event "33rd olimpiad"]
[Site "Elista"]
[Date "1998.10.11"]
[Round "12"]
[White "Kostenko, Petr"]
[Black "Mohandesi, Shahin"]
[Result "1-0"]
[WhiteElo "2470"]
[BlackElo "2305"]
[BlackTitle "FM"]
[WhiteTeam "Kazakhstan"]
[BlackTeam "Belgium"]
[Board "4"]
[OlimpBase "olimpbase.org"]
[EventDate "1998.09.29"]
[PlyCount "87"]

1. e4 c5 2. Nf3 d6 3. d4 cxd4 4. Nxd4 Nf6 5. Nc3 Nc6 6. g3 e5 7. Nde2 Be7
8. Bg2 O-O 9. h3 Be6 10. g4 Rc8 11. Be3 Qa5 12. O-O Rfd8 13. g5 Nd7 14. a3 Qc7
15. Nd5 Bxd5 16. Qxd5 Nb6 17. Qd3 Na5 18. Nc3 Nac4 19. Bc1 Na5 20. h4 Qc4
21. Be3 Qxd3 22. cxd3 Nb3 23. Ra2 Rc6 24. a4 Bf8 25. a5 Nc8 26. Ra3 Nc5 27. d4
exd4 28. Bxd4 Ne6 29. Be3 b6 30. axb6 axb6 31. Nd5 Ne7 32. Rfa1 Nc5 33. b4 Nd7
34. Ra8 Rcc8 35. Bh3 Nxd5 36. Rxc8 Rxc8 37. exd5 Rc7 38. f4 h6 39. Ra8 hxg5
40. hxg5 b5 41. Rd8 Rc3 42. Kf2 Nb6 43. Bxb6 Rxh3 44. Bc7 1-0

[Event "33rd olimpiad"]
[Site "Elista"]
[Date "1998.10.12"]
[Round "13"]
[White "Adebayo, Adegboyega"]
[Black "Ahn, Martin"]
[Result "0-1"]
[WhiteElo "2195"]
[BlackElo "2305"]
[BlackTitle "FM"]
[WhiteTeam "Nigeria"]
[BlackTeam "Belgium"]
[Board "1"]
[OlimpBase "olimpbase.org"]
[EventDate "1998.09.29"]
[PlyCount "94"]

1. d4 Nf6 2. Bg5 Ne4 3. Bf4 c5 4. d5 Qb6 5. Nd2 Qxb2 6. Nxe4 Qb4+ 7. Qd2 Qxe4
8. Nf3 d6 9. e3 Qa4 10. Bd3 Nd7 11. O-O g6 12. Rab1 Bg7 13. c4 O-O 14. h3 a6
15. e4 b5 16. Rfc1 Nb6 17. cxb5 axb5 18. Rxb5 Nd7 19. Bc4 Rd8 20. Qe1 Nf6
21. e5 Nh5 22. Bd2 Bf8 23. g4 Ng7 24. exd6 exd6 25. Bg5 Re8 26. Qd2 Re4 27. Qd3
f5 28. Bd2 Ba6 29. Ra5 Bxc4 30. Rxa4 Rxa4 31. Rxc4 Rexc4 32. Ng5 fxg4 33. Qb3
gxh3 34. Ne6 Rg4+ 35. Kh2 Rae4 36. f3 Rg2+ 37. Kxh3 Ree2 38. Bf4 Nh5 39. Qb8
Rxe6 40. Kxg2 Nxf4+ 41. Kg3 Nxd5 42. Qb3 Nc7 43. Qb6 d5 44. Qb7 Bd6+ 45. Kg4
Kg7 46. a4 h5+ 47. Kh3 Re2 0-1

[Event "33rd olimpiad"]
[Site "Elista"]
[Date "1998.10.12"]
[Round "13"]
[White "Meessen, Rudolf"]
[Black "Adu, Oladapo"]
[Result "0-1"]
[WhiteElo "2320"]
[BlackElo "2230"]
[WhiteTeam "Belgium"]
[BlackTeam "Nigeria"]
[Board "2"]
[OlimpBase "olimpbase.org"]
[EventDate "1998.09.29"]
[PlyCount "114"]

1. d4 Nf6 2. c4 g6 3. Nc3 Bg7 4. e4 d6 5. f3 O-O 6. Be3 e5 7. Nge2 Nbd7 8. Qd2
c6 9. d5 cxd5 10. cxd5 Nb6 11. Ng3 Kh8 12. Bg5 a6 13. Rc1 Bd7 14. Bd3 Nc8
15. O-O Ne7 16. Kh1 Nfg8 17. a4 f6 18. Be3 f5 19. exf5 Nxf5 20. Bxf5 gxf5
21. f4 Qh4 22. fxe5 dxe5 23. Bg5 Qg4 24. h3 Qxg3 25. Rf3 Qxg5 26. Qxg5 Bh6
27. Qg3 Bxc1 28. Qxe5+ Nf6 29. g4 Rae8 30. Qd4 Kg8 31. gxf5 Kf7 32. Qb4 Rg8
33. Rf1 Bd2 34. Kh2 Be1 35. Qc5 Bg3+ 36. Kh1 h5 37. Qb6 h4 38. Qxb7 Rb8
39. Qxa6 Rxb2 40. Ne2 Re8 41. Nf4 Bxf5 42. Ng2 Re5 43. d6 Be4 44. Qa7+ Kg6
45. d7 Bxg2+ 46. Kg1 Bxf1 47. d8=Q Bxh3 48. Qd3+ Bf5 49. Qf1 h3 50. Qd4 h2+
51. Kh1 Be4+ 52. Qxe4+ Nxe4 53. Qd3 Rd2 54. Qa6+ Kg5 55. Qf1 Nf2+ 56. Kg2 h1=Q+
57. Kxg3 Re3# 0-1

[Event "33rd olimpiad"]
[Site "Elista"]
[Date "1998.10.12"]
[Round "13"]
[White "Olape, Bunmi"]
[Black "Mohandesi, Shahin"]
[Result "0-1"]
[WhiteElo "2245"]
[BlackElo "2305"]
[BlackTitle "FM"]
[WhiteTeam "Nigeria"]
[BlackTeam "Belgium"]
[Board "3"]
[OlimpBase "olimpbase.org"]
[EventDate "1998.09.29"]
[PlyCount "70"]

1. e4 c5 2. Nf3 d6 3. d4 cxd4 4. Nxd4 Nf6 5. Nc3 Nc6 6. Bg5 e6 7. Nb3 Be7
8. f4 O-O 9. Qf3 a6 10. O-O-O Qc7 11. g4 b5 12. Bxf6 Bxf6 13. g5 Be7 14. h4 Bb7
15. f5 b4 16. Ne2 Ne5 17. Qf4 exf5 18. Qxf5 g6 19. Qf4 f6 20. Qe3 fxg5 21. Ned4
Ng4 22. Qe2 Nf2 23. Bg2 Nxd1 24. Rxd1 Qb6 25. h5 Rf6 26. hxg6 Rxg6 27. Nf5 Qc7
28. Nbd4 Bf6 29. Kb1 Be5 30. Bf3 Kh8 31. Rh1 Rf8 32. Qd1 Rgf6 33. Qd3 a5
34. Rg1 Qc5 35. Rxg5 Bxd4 0-1

[Event "33rd olimpiad"]
[Site "Elista"]
[Date "1998.10.12"]
[Round "13"]
[White "Maes, Wim"]
[Black "Dasaolu, Rotimi"]
[Result "1/2-1/2"]
[WhiteElo "2250"]
[BlackElo "2105"]
[WhiteTeam "Belgium"]
[BlackTeam "Nigeria"]
[Board "4"]
[OlimpBase "olimpbase.org"]
[EventDate "1998.09.29"]
[PlyCount "110"]

1. e4 c5 2. Nf3 d6 3. d4 cxd4 4. Nxd4 Nf6 5. Nc3 a6 6. Rg1 e5 7. Nb3 Be6 8. g4
d5 9. exd5 Nxd5 10. Nxd5 Qxd5 11. Be3 Nc6 12. Qxd5 Bxd5 13. O-O-O Be6 14. Bg2
Be7 15. Nc5 Bxc5 16. Bxc5 Rc8 17. b3 f6 18. Be4 Kf7 19. Bb6 Rhe8 20. Kb2 g6
21. Bf3 Re7 22. c4 Rd7 23. Rxd7+ Bxd7 24. Rd1 Be6 25. Kc3 e4 26. Bxe4 Bxg4
27. f3 Be6 28. f4 Bg4 29. Rg1 Be6 30. h4 Re8 31. Re1 Bd7 32. Bd5+ Kg7 33. Rxe8
Bxe8 34. b4 Bd7 35. a4 Bc8 36. b5 axb5 37. cxb5 Ne7 38. Bf3 Kf7 39. Bf2 Ke6
40. Kc4 Kd6 41. Bc5+ Kd7 42. Bxe7 Kxe7 43. Kc5 h6 44. Kb6 Kd6 45. a5 g5
46. hxg5 fxg5 47. fxg5 hxg5 48. Be2 g4 49. Bxg4 Bxg4 50. Kxb7 Kc5 51. b6 Kb5
52. a6 Bc8+ 53. Kc7 Bxa6 54. b7 Bxb7 55. Kxb7 Kc5 1/2-1/2